The life and opinions of Tristram Shandy, Gentleman/ (Record no. 11422)

MARC details
000 -LEADER
fixed length control field 00533nam a22001937a 4500
005 - DATE AND TIME OF LATEST TRANSACTION
control field 20221013115247.0
008 - FIXED-LENGTH DATA ELEMENTS--GENERAL INFORMATION
fixed length control field 221013b ||||| |||| 00| 0 eng d
020 ## - INTERNATIONAL STANDARD BOOK NUMBER
International Standard Book Number 9789382267058
040 ## - CATALOGING SOURCE
Original cataloging agency IN-DiNC
Transcribing agency IN-DiNC
041 ## - LANGUAGE CODE
Language code of sung or spoken text English
082 ## - DEWEY DECIMAL CLASSIFICATION NUMBER
Classification number 823
Item number STE
100 ## - MAIN ENTRY--PERSONAL NAME
Personal name Sterne, Laurence
Relator term Author
245 ## - TITLE STATEMENT
Title The life and opinions of Tristram Shandy, Gentleman/
Statement of responsibility, etc. by Laurence Sterne
260 ## - PUBLICATION, DISTRIBUTION, ETC.
Place of publication, distribution, etc. Delhi:
Name of publisher, distributor, etc. Book land,
Date of publication, distribution, etc. 2016.
300 ## - PHYSICAL DESCRIPTION
Extent xlvi, 594p.
650 ## - SUBJECT ADDED ENTRY--TOPICAL TERM
Topical term or geographic name entry element English novel
700 ## - ADDED ENTRY--PERSONAL NAME
Personal name Watt, Ian
Relator term Editor
942 ## - ADDED ENTRY ELEMENTS (KOHA)
Source of classification or shelving scheme Dewey Decimal Classification
Koha item type Books
Holdings
Withdrawn status Lost status Source of classification or shelving scheme Damaged status Not for loan Collection code Home library Current library Shelving location Date acquired Cost, normal purchase price Total Checkouts Full call number Barcode Date last seen Copy number Price effective from Koha item type
    Dewey Decimal Classification     English Central Library, Naharkatiya College Central Library, Naharkatiya College General Stacks 13/10/2022 285.00   823 STE 28995 13/10/2022 1 13/10/2022 Books
    Dewey Decimal Classification     English Central Library, Naharkatiya College Central Library, Naharkatiya College General Stacks 13/10/2022 285.00   823 STE 28996 13/10/2022 2 13/10/2022 Books

Naharkatiya College © 2020. All rights reserved.

Powered By